| 000 | 00529nam a22002297a 4500 | ||
|---|---|---|---|
| 005 | 20240808184359.0 | ||
| 008 | 160127b xxu||||| |||| 00| 0 spa d | ||
| 020 | _a9789500731591 | ||
| 041 | _aESP | ||
| 082 | _a813.54 K52mi | ||
| 100 |
_aKing, Stephen _92342 |
||
| 245 | _aMisery | ||
| 260 | _aArgentina | ||
| 260 | _bDebolsillo | ||
| 260 | _c2010 | ||
| 300 | _a373 páginas | ||
| 650 | _aLITERATURA ESTADOUNIDENSE | ||
| 650 | _aNOVELA ESTADOUNIDENSE | ||
| 650 | _aTERROR | ||
| 650 | _aMISTERIO | ||
| 942 |
_cLIT _2ddc |
||
| 999 |
_c7544 _d7544 |
||